Drogadicción Familia y escuela / (Registro nro. 6702)
[ vista simple ]
| 000 -CABECERA | |
|---|---|
| Longitud fija campo de control | 00731nam a2200205 4500 |
| 003 - • IDENTIFICADOR DELl NÚMERO DE CONTROL | |
| Identificador del número de control | CO-ViMGA |
| 020 ## - • NÚMERO INTERNACIONAL NORMALIZADO PARA LIBROS | |
| Número Internacional Normalizado para Libros (ISBN) | 9582008792 |
| 040 ## - FUENTE DE LA CATALOGACIÓN | |
| Centro catalogador de origen | CO-ViMGA |
| Lengua de catalogación | spa |
| Centro transcriptor | CO-ViMGA |
| 082 04 - • NÚMERO DE LA CLASIFICACIÓN DECIMAL DEWEY | |
| Número de clasificación (R) | 362.29 |
| Número del ítem | R69d |
| 100 1# - • PUNTO DE ACCESO PRINCIPAL-NOMBRE DE PERSONA | |
| Nombre de persona | Rozo Sarmiento, Jesus Antonio |
| Fechas asociadas al nombre | 2006 |
| 245 10 - • TITULO PROPIAMENTE DICHO | |
| Título | Drogadicción Familia y escuela / |
| Resto del título | Lo que los padres y educadores deben saber / |
| Mención de responsabilidad, etc. | Jesús Antonio Rozo Sarmiento, Ricardo Juliano Rozo Valencia |
| 300 ## - • DESCRIPCIÓN FÍSICA | |
| Extensión | 169 p. ; |
| Otras características físicas | 24 cm. |
| 490 ## - • MENCIÓN DE SERIE | |
| Mención de serie | Trasversales |
| 500 ## - • NOTA GENERAL | |
| Nota general | Incluye contenido y prologo |
| 504 ## - • NOTA DE BIBLIOGRAFÍA, ETC | |
| Nota de bibliografía, etc. | incluye Bibliografia pags. 165-169 |
| 650 14 - • PUNTO DE ACCESO ADICIONAL DE MATERIA - TÉRMINO DE MATERIA | |
| Término de materia o nombre geográfico como elemento inicial | Drogadicción |
| Subdivisión de forma | Aspectos psicologicos |
| 650 14 - • PUNTO DE ACCESO ADICIONAL DE MATERIA - TÉRMINO DE MATERIA | |
| Término de materia o nombre geográfico como elemento inicial | Prevención |
| Subdivisión de forma | Aspectos sociales |
| 942 ## - ENTRADA DE ELEMENTOS AGREGADOS (KOHA) | |
| Fuente de clasificaión o esquema | Dewey Decimal Classification |
| Koha [por defecto] tipo de item | LIbro |
| Perdido | Fuente de clasificación o esquema | Estado Físico | No para préstamo | Forma de adquisición | Localización permanente | Localización actual | Fecha adquisición | Préstamos totales | Signatura completa | Código de barras | Fecha última consulta | Número de copia | Fecha del precio de reemplazo | Tipo de item de Koha | Localización en estanterías |
|---|---|---|---|---|---|---|---|---|---|---|---|---|---|---|---|
| Dewey Decimal Classification | Sala Especializada Tercer Piso | Biblioteca Pública Germán Arciniegas - Villavicencio | Biblioteca Pública Germán Arciniegas - Villavicencio | 08/25/2016 | 362.29 R69d | 30704 | 05/13/2019 | Ej. 1 | 08/25/2016 | LIbro | |||||
| Dewey Decimal Classification | Colección General | Biblioteca Pública Mapiripan - Jorge Eliecer Gaitán | Biblioteca Pública Mapiripan - Jorge Eliecer Gaitán | 07/28/2025 | 362.29 R69d | MPJG00458 | 07/28/2025 | Ej.1 | 07/28/2025 | LIbro | General |